[Event "Wroclaw Anderssen Memorial"]
[Site "Wroclaw"]
[Date "2021.07.31"]
[Round "1"]
[White "Smietanski, Marek"]
[Black "Brodowski, Piotr"]
[Result "0-1"]
[WhiteElo "1692"]
[BlackElo "2439"]
[PlyCount "44"]
[EventDate "2021.07.31"]
[EventType "swiss (rapid)"]
[EventRounds "9"]
[EventCountry "POL"]
[SourceTitle "CBM 203 Extra"]
[Source "ChessBase"]
[SourceDate "2021.09.30"]
[SourceVersion "1"]
[SourceVersionDate "2021.09.30"]
[SourceQuality "1"]

1. d4 c5 2. Bf4 cxd4 3. Nf3 Nf6 4. Nxd4 e5 5. Bg3 exd4 6. Qxd4 Nc6 7. Qa4 d5 8. Nc3 Bb4 9. 0-0-0 Bxc3 10. bxc3 0-0 11. c4 Be6 12. cxd5 Nxd5 13. e4 Nc3 14. Rxd8 Nxa4 15. Rxa8 Rxa8 16. a3 Rd8 17. Bd3 Nc5 18. Rd1 f6 19. h3 Kf7 20. f4 Nxd3+ 21. cxd3 f5 22. Bf2 b6 0-1